Countries with the Most and Most-Guessed Subdivisions - Statistics

General Stats
  • This quiz has been taken 13 times
  • The average score is 14 of 20
Answer Stats
Avg Rank Country % Correct
7.5 United States
100%
28 China
92%
36 France
92%
44 United Kingdom
92%
37 Brazil
85%
38 India
85%
33 Mexico
85%
44 Spain
85%
51 Germany
77%
46.5 Italy
77%
40 Japan
77%
30 Russia
77%
47.5 Argentina
69%
44.5 Indonesia
62%
44.5 Ireland
54%
45 Ukraine
54%
50.5 Turkey
46%
49.5 Switzerland
38%
49 Kazakhstan
31%
53 Myanmar
15%
No matching quizzes found
Score Distribution
Percent of People with Each Score
Percentile by Number Answered
Your Score History
You have not taken this quiz